[Event "Kuala Lumpur zt"]
[Site "Kuala Lumpur"]
[Date "1990.??.??"]
[Round "?"]
[White "Lin Ta"]
[Black "Torre, Eugenio"]
[Result "1/2-1/2"]
[WhiteElo "2410"]
[BlackElo "2550"]

1.d4 d5 2.c4 c6 3.Nf3 Nf6 4.Qc2 dxc4 5.Qxc4 Bf5 6.g3 e6 7.Bg2 Nbd7 8.O-O Be7
9.Nc3 O-O 10.Qb3 Qb6 11.Qxb6 axb6 12.Nh4 Bc2 13.Bd2 h6 14.Rfc1 Bh7 15.Nf3 b5
16.a4 bxa4 17.Nxa4 Ra6 18.Nc3 Rfa8 19.Rxa6 Rxa6 20.Be1 Nd5 21.Bf1 Ra8 22.Bd2 N7b6
23.e3 Nxc3 24.Bxc3 Nd5 25.Ne5 Kf8 26.Bd3 Bxd3 27.Nxd3 f5 28.Bd2 Bd6 29.f3 Ra4
30.Kf2 Ke7 31.Ke2 Nf6 32.Bc3 g5 33.Nf2 Nd5 34.Bd2 Nc7 35.Nd3 Nb5 36.Rg1 Kf6
37.h4 Kg6 38.hxg5 hxg5 39.g4 f4 40.exf4 Nxd4+ 41.Kf2 Nb3 42.f5+ exf5 43.gxf5+ Kxf5
44.Rxg5+ Kf6 45.Be3 Rc4 46.Rg2 Nc5 47.Bxc5 Bxc5+ 48.Nxc5 Rxc5 49.Ke3 Re5+
50.Kf4 Rb5 51.Rh2 Rb4+ 52.Ke3 Kg5 53.f4+ Kg4 54.Rg2+ Kf5 55.Rg5+ Kf6 56.Rg2 c5
57.Kf3 b6 58.Kg4 Rb3 59.Rh2 b5 60.Rh6+ Kg7 61.Rh2  1/2-1/2

[Event "Kusadasi op"]
[Site "Kusadasi"]
[Date "1990.??.??"]
[Round "9"]
[White "Rashkovsky, Nukhim N"]
[Black "Bagirov, Vladimir"]
[Result "1-0"]
[WhiteElo "2540"]
[BlackElo "2470"]

1.d4 d5 2.Nf3 c6 3.c4 Nf6 4.Qc2 dxc4 5.Qxc4 Bf5 6.g3 e6 7.Bg2 Nbd7 8.O-O Be7
9.a4 O-O 10.Nc3 Ne4 11.a5 Nxc3 12.bxc3 Be4 13.Nd2 Bxg2 14.Kxg2 c5 15.Nf3 Qc7
16.e4 Rac8 17.d5 exd5 18.exd5 Bd6 19.Re1 Rfe8 20.Bd2 Rxe1 21.Rxe1 Qxa5 22.Qg4 Qc7
23.Bh6 g6 24.Ng5 Nf6 25.Qf3 Be5 26.c4 Qd6 27.Qe2 Bc3 28.Qe7 Qxe7 29.Rxe7 b5
30.d6 Rd8 31.cxb5 Bd4 32.Rxa7 Nd7 33.Ne4 f6 34.Bd2 c4 35.Rc7 f5 36.Bg5 Rf8
37.Nd2 c3 38.Nf3  1-0

[Event "Moscow (Women)"]
[Site "Moscow"]
[Date "1990.??.??"]
[Round "?"]
[White "Levitina, Irina S"]
[Black "Belakovskaia, Anjelina"]
[Result "1-0"]
[WhiteElo "2370"]
[BlackElo "2310"]

1.d4 d5 2.Nf3 Nf6 3.c4 c6 4.Qc2 e6 5.Bg5 h6 6.Bxf6 Qxf6 7.e3 Nd7 8.a3 Bd6
9.Nc3 Qe7 10.Bd3 O-O 11.O-O dxc4 12.Bxc4 e5 13.Ba2 exd4 14.exd4 Nf6 15.Rae1 Qc7
16.Ne5 b6 17.f4 Ba6 18.Rf3 c5 19.Qg6 c4 20.Qc2 b5 21.Bb1 Qb6 22.Ng4 Qxd4+
23.Kh1 g6 24.Rd1 Qxd1+ 25.Qxd1 Nxg4 26.Qxd6 Bb7 27.h3 Bxf3 28.hxg4 Bxg4 29.Bxg6 Rfe8
30.Be4 Rad8 31.Qxh6 Be6 32.f5 Bxf5 33.Bxf5 a5 34.Bh7+  1-0

[Event "Moscow1"]
[Site "Moscow"]
[Date "1990.??.??"]
[Round "?"]
[White "Donchenko, Anatoly G"]
[Black "Zhachev, A."]
[Result "1/2-1/2"]
[WhiteElo "2345"]
[BlackElo "2410"]

1.Nf3 Nf6 2.c4 c6 3.d4 d5 4.Qc2 g6 5.e3 Bf5 6.Bd3 Bxd3 7.Qxd3 Bg7 8.Nc3 O-O
9.O-O Nbd7 10.Rd1 Qa5 11.cxd5  1/2-1/2

[Event "Moscow (Women)"]
[Site "Moscow"]
[Date "1990.??.??"]
[Round "?"]
[White "Eidelson, Rakhil"]
[Black "Arakhamia, Ketevan"]
[Result "1/2-1/2"]
[WhiteElo "2205"]
[BlackElo "2385"]

1.d4 d5 2.Nf3 Nf6 3.c4 c6 4.Qc2 e6 5.g3 Bd6 6.Nbd2 O-O 7.Bg2 Nbd7 8.O-O Qe7
9.e4 dxe4 10.Nxe4 Nxe4 11.Qxe4 c5 12.Re1 cxd4 13.Nxd4 Bb4 14.Re2 Rd8 15.Qc2 Nf6
16.Nb3 a5 17.Bf4 a4 18.Nd2 a3 19.bxa3 Rxa3 20.Nb3 b6 21.Be5 Bd7 22.Bb2 Ra7
23.Nd4 Ba4 24.Qc1 Qc5 25.Qf4 Qxc4 26.Rc1 Qd3 27.Bf1 Bd6 28.Qh4 Qg6 29.Nc6 Bxc6
30.Rxc6 Bc5 31.Re5 h6 32.Re2 Rd1 33.Kg2 Qf5 34.Rc8+ Kh7 35.Bxf6 Qxf6 36.Qe4+ g6
37.Qc6 Re7 38.a4 Qd4 39.a5 Qd5+ 40.Qxd5 Rxd5 41.a6 b5 42.Rc2 Ba7 43.R8c7 Rdd7
44.Rxd7 Rxd7 45.Bxb5 Re7  1/2-1/2

[Event "Moscow (Women)"]
[Site "Moscow"]
[Date "1990.??.??"]
[Round "?"]
[White "Kasoshvili, Tsiala"]
[Black "Micic, Snezana"]
[Result "1-0"]
[WhiteElo "2165"]
[BlackElo "2120"]

1.d4 d5 2.c4 c6 3.Qc2 Nf6 4.Nf3 g6 5.e3 Bg7 6.Bd3 O-O 7.Nbd2 Na6 8.a3 c5
9.cxd5 cxd4 10.exd4 Nc7 11.O-O Ncxd5 12.Nc4 Qc7 13.Re1 Rd8 14.Bd2 Bg4 15.Nfe5 Rac8
16.Rac1 Qb8 17.Qb1 Be6 18.h3 Nc7 19.Be3 Nfd5 20.Nf3 Nxe3 21.fxe3 Bh6 22.Ncd2 Nd5
23.Nf1 Rxc1 24.Qxc1 Rc8 25.Qd1 Qd6 26.Qe2 Qb6 27.Kh1 Qb3 28.Ne5 Nb6 29.Rb1 Bg7
30.Nd2 Qd5 31.Nef3 Qh5 32.Re1 Nd5 33.Ne4 Bf5 34.Ng3 Bxd3 35.Qxd3 Qh6 36.Qb3 Nb6
37.a4 Rc7 38.Rf1 e6 39.Kh2 Nd5 40.Re1 g5 41.Kg1 Qg6 42.Qb5 h5 43.Qe8+ Kh7
44.Qd8 Bf6 45.Qd6 Be7 46.Qe5 Rc6 47.Nf1 g4 48.hxg4 hxg4 49.Qh2+ Qh6 50.Qxh6+ Kxh6
51.Ne5 Rc2 52.Nxf7+ Kg7 53.Ne5 Rxb2 54.Rc1 g3 55.Nc4 Ra2 56.Nxg3 Rxa4 57.Kf2 Ra2+
58.Kf3 b5 59.Ne5 Ra3 60.Nf1  1-0

[Event "Moscow (Women)"]
[Site "Moscow"]
[Date "1990.??.??"]
[Round "?"]
[White "Kasoshvili, Tsiala"]
[Black "Belakovskaia, Anjelina"]
[Result "1/2-1/2"]
[WhiteElo "2165"]
[BlackElo "2310"]

1.d4 d5 2.Nf3 Nf6 3.c4 c6 4.Nbd2 Bf5 5.e3 e6 6.Be2 h6 7.O-O Bd6 8.b3 Qc7
9.Bb2 Nbd7 10.a3 g5 11.c5 Be7 12.b4 Ne4 13.Nxe4 Bxe4 14.Nd2 Bg6 15.Qb3 h5
16.Bd3 Bxd3 17.Qxd3 g4 18.e4 dxe4 19.Qxe4 Nf6 20.Qe5 O-O-O 21.Nc4 Rd5 22.Qxc7+ Kxc7
23.Ne5 Rf8 24.f3 Nd7 25.fxg4 Nxe5 26.dxe5 hxg4 27.Rae1 a5 28.Re4 g3 29.Bc1 gxh2+
30.Kxh2 axb4 31.axb4 b6 32.cxb6+ Kxb6 33.Be3+ Kb5 34.Rff4 f5 35.exf6 Bxf6
36.Rf3 Re5 37.Rg4 Rf5 38.Kg1 Ra8 39.Rxf5+ exf5 40.Rg6 Be5 41.Re6 Ra1+ 42.Kf2 Bc7
43.Bc5 Bb6 44.Re5 Ra2+ 45.Kf3 Ra3+ 46.Kf4 Bxc5 47.Rxc5+ Kb6 48.Kxf5 Rb3 49.Rc4 Kb5
50.Rc5+ Kb6 51.g4 Rxb4 52.Rc1 c5 53.g5 c4 54.g6 Kc5 55.g7 Rb8 56.Rg1 Rg8
57.Ke4 Kd6 58.Kf5 Kc5 59.Kf6 Kd4 60.Kf7 Rxg7+ 61.Kxg7 c3  1/2-1/2

[Event "Moscow op"]
[Site "Moscow"]
[Date "1990.??.??"]
[Round "?"]
[White "Levitina, Irina S"]
[Black "Stelzer, Harald"]
[Result "1/2-1/2"]
[WhiteElo "2370"]
[BlackElo "2240"]

1.d4 d5 2.Nf3 c6 3.c4 Nf6 4.Qc2 g6 5.Bf4 Bg7 6.e3 O-O 7.Nc3 Na6 8.Be5 Nc7
9.Rc1 Nce8 10.c5 Nd7 11.Bg3 e5 12.b4 e4 13.Nd2 a6 14.Nb3 f5 15.h4 Bh6 16.Ne2 Ndf6
17.Bf4 Bg7 18.Ng3 h6 19.Be5 Ng4 20.Bxg7 Nxg7 21.Qd2 Qc7 22.Ne2 g5 23.hxg5 hxg5
24.f3 exf3 25.gxf3 Nf6 26.Bg2 Re8 27.Kd1 Qe7 28.Rc3 Bd7 29.Qe1 Kf7 30.Qg3 Nfh5
31.Qc7 Be6 32.Qe5 Rad8 33.Nbc1 Qf6 34.Nd3 Bc8 35.Qxf6+ Kxf6 36.Ne5 Rh8 37.Kd2 Ne6
38.Rcc1 f4 39.Bh3 fxe3+ 40.Kxe3 Nef4 41.Bxc8 Rxc8 42.Nxf4 Nxf4 43.a4 Rh4
44.Rxh4 Ng2+ 45.Kf2 Nxh4 46.Ng4+ Kf7 47.Re1 Nf5 48.Re5 Nxd4 49.Rxg5 a5  1/2-1/2

[Event "Novi Sad ol (Men)"]
[Site "Novi Sad"]
[Date "1990.??.??"]
[Round "1"]
[White "Zabasajja, Willy"]
[Black "Pergericht, Daniel"]
[Result "1/2-1/2"]
[WhiteElo "2310"]
[BlackElo "2275"]

1.d4 d5 2.c4 c6 3.Nf3 Nf6 4.g3 Bf5 5.Bg2 e6 6.O-O Be7 7.Nc3 Ne4 8.a3 Nxc3
9.bxc3 Nd7 10.Bf4 Be4 11.c5 b6 12.cxb6 axb6 13.Qb3 O-O 14.Ne5 Nxe5 15.Bxe4 Ng6
16.Bxg6 hxg6 17.Rfb1 Ra6 18.c4 dxc4 19.Qxc4 Qa8 20.Bc1 c5 21.dxc5 Bxc5 22.Bb2 Rc8
23.Qf4 Ra4 24.Qe5 Bf8 25.Bd4 Rxa3 26.Rxa3 Qxa3 27.Rxb6 Qa8 28.e4 Rd8 29.Bb2 Qc8
30.Kg2 Qc5  1/2-1/2

[Event "Nuernberg"]
[Site "Nuernberg"]
[Date "1990.??.??"]
[Round "?"]
[White "Lobron, Eric"]
[Black "Hertneck, Gerald"]
[Result "0-1"]
[WhiteElo "2545"]
[BlackElo "2480"]

1.d4 d5 2.c4 c6 3.Nf3 Nf6 4.Qb3 Qb6 5.c5 Qxb3 6.axb3 Bf5 7.e3 Nbd7 8.Nc3 a6
9.Nh4 Bc2 10.b4 Rd8 11.Kd2 Bg6 12.f4 e6 13.Nxg6 hxg6 14.Be2 Be7 15.Kc2 Ne4
16.Nxe4 dxe4 17.Bd2 Nf6 18.h4 Nd5 19.g3 Kd7 20.Ra3 g5 21.fxg5 Bxg5 22.Rf1 Bf6
23.Raa1 Ke7 24.Rf2 g5 25.h5 g4 26.Raf1 Rxh5 27.Bxg4 Rh7 28.Be2 Bg5 29.Bc4 Nxe3+
30.Bxe3 Bxe3 31.Re2 Rxd4 32.Rxe3 Rxc4+ 33.Kb3 Rd4 34.g4 Rh2 35.Kc3 Rhd2 36.Rf4 R2d3+
37.Rxd3 Rxd3+ 38.Kc2 Rd4 39.Kc3 e5 40.Rf5 Ke6 41.Rh5 e3 42.Rh6+ Ke7 43.Rh3 Rxg4  0-1

[Event "Paris-ch"]
[Site "Paris"]
[Date "1990.??.??"]
[Round "?"]
[White "Foisor, Ovidiu"]
[Black "Neiman, Emmanuel"]
[Result "1-0"]
[WhiteElo "2455"]
[BlackElo "2245"]

1.d4 d5 2.c4 c6 3.Nf3 Nf6 4.Qc2 e6 5.g3 Be7 6.Bg2 O-O 7.O-O Nbd7 8.b3 b6
9.Nc3 Bb7 10.e4 dxe4 11.Nxe4 c5 12.Ned2 cxd4 13.Nxd4 Bxg2 14.Kxg2 Qc7 15.Bb2 Rac8
16.N2f3 a6 17.Qe2 Rfe8 18.Kg1 Qc5 19.Nc2 Qh5 20.Ne3 Ng4 21.Nxg4 Qxg4 22.Rad1 e5
23.Rd5 Bf6 24.Re1 e4 25.Nd4 Qxe2 26.Rxe2 Ne5 27.Nf5 Nf3+ 28.Kg2 Bxb2 29.Rxb2 Rcd8
30.Rxd8 Rxd8 31.Re2 g6 32.Ne7+ Kf8 33.Rxe4 Nd2 34.Re2 Re8 35.Nxg6+ hxg6 36.Rxd2 b5
37.cxb5 axb5 38.Rd5  1-0

[Event "Paris-ch"]
[Site "Paris"]
[Date "1990.??.??"]
[Round "?"]
[White "Krasenkow, Michal"]
[Black "Shirov, Alexei"]
[Result "0-1"]
[WhiteElo "2545"]
[BlackElo "2500"]

1.Nf3 d5 2.d4 Nf6 3.c4 c6 4.g3 dxc4 5.Bg2 g6 6.O-O Bg7 7.a4 O-O 8.Na3 Na6
9.Nxc4 Be6 10.b3 Bd5 11.Ba3 Rc8 12.Rc1 c5 13.e3 Re8 14.Qe2 cxd4 15.Nxd4 Bxg2
16.Kxg2 Qd5+ 17.Kg1 Nc5 18.Rfd1 b6 19.a5 Qb7 20.axb6 axb6 21.b4 Nce4 22.b5 Nd5
23.Qf3 f5 24.Nc6 Ndc3 25.Re1 Rxc6 26.bxc6 Qa6 27.Nxb6 Qxb6 28.Qg2 Qxc6 29.f3 Ng5
30.Bb2 Nxf3+ 31.Kh1 Rc8 32.Bxc3 Rc7  0-1

[Event "Paris-ch"]
[Site "Paris"]
[Date "1990.??.??"]
[Round "?"]
[White "Verat, Laurent"]
[Black "Lukasiewicz, Grzegorz"]
[Result "1-0"]
[WhiteElo "2240"]
[BlackElo "2320"]

1.d4 d5 2.Nf3 Nf6 3.c4 c6 4.Qc2 g6 5.Bf4 Bg7 6.e3 O-O 7.Nc3 Be6 8.Qb3 Qb6
9.c5 Qxb3 10.axb3 Nbd7 11.h3 Ne4 12.b4 a6 13.Bd3 Nxc3 14.bxc3 f6 15.O-O Bf7
16.e4 dxe4 17.Bxe4 Rae8 18.Rfe1 e5 19.dxe5 f5 20.Bb1 h6 21.h4 Bd5 22.Ba2 g5
23.hxg5 hxg5 24.Bxd5+ cxd5 25.Nxg5 Nxe5 26.Rad1 Ng4 27.f3 Rxe1+ 28.Rxe1 Bxc3
29.Re7 Bxb4 30.Bd6 Bd2 31.Ne6 Rf7 32.Re8+ Kh7 33.fxg4 fxg4 34.Nd8 Rf5 35.Nxb7 d4
36.c6 Be3+ 37.Kh2 Bf2 38.g3 d3 39.c7 Bb6 40.Re7+ Kg6 41.Bf4  1-0

[Event "URS-chT"]
[Site "Podolsk"]
[Date "1990.??.??"]
[Round "?"]
[White "Donchenko, Anatoly G"]
[Black "Sherbakov, Ruslan"]
[Result "1/2-1/2"]
[WhiteElo "2345"]
[BlackElo "2360"]

1.Nf3 d5 2.d4 Nf6 3.c4 c6 4.Qc2 g6 5.e3 Bg7 6.b4 O-O 7.Nbd2 a5 8.b5 Bf5 9.Bd3 Bxd3
10.Qxd3 dxc4 11.Qxc4 cxb5 12.Qxb5 Qd5 13.Qxd5  1/2-1/2

[Event "Prague T7"]
[Site "Prague"]
[Date "1990.??.??"]
[Round "8"]
[White "Bakalar, Petr"]
[Black "Pergericht, Daniel"]
[Result "1-0"]
[WhiteElo "2325"]
[BlackElo "2280"]

1.d4 d5 2.Nf3 Nf6 3.c4 c6 4.Qb3 dxc4 5.Qxc4 Bf5 6.g3 Nbd7 7.Bg2 e6 8.O-O Be7
9.Nc3 O-O 10.e3 h6 11.Qe2 Bb4 12.e4 Bh7 13.Ne1 Re8 14.Nd3 Bf8 15.f4 c5 16.Be3 cxd4
17.Bxd4 Nb8 18.Bf2 Nc6 19.Rfd1 Qa5 20.a3 Rad8 21.b4 Qc7 22.Rac1 Qb8 23.Nc5 a5
24.e5 axb4 25.axb4 Nxb4 26.exf6 Bxc5 27.Bxc5 Nd3 28.Qg4 g5 29.Qh5  1-0

[Event "Pula op"]
[Site "Pula"]
[Date "1990.??.??"]
[Round "6"]
[White "Sakhatova, Elvira"]
[Black "Witke, Thomas"]
[Result "1/2-1/2"]
[WhiteElo "2290"]
[BlackElo "2330"]

1.d4 d5 2.c4 c6 3.Nf3 Nf6 4.Qc2 Bg4 5.Ne5 Nbd7 6.Nxg4 Nxg4 7.e3 e6 8.Bd3 Bd6
9.Qe2 Qh4 10.Nd2 O-O 11.Nf3 Qh5 12.h3 f5 13.Bd2 Ngf6 14.O-O-O Ne4 15.Rdg1 e5
16.g4 Qf7 17.dxe5 Nxe5 18.Nxe5 Bxe5 19.Be1 f4 20.exf4 Qxf4+ 21.Kb1 Nc5 22.Bc2 Rae8
23.Qe3 Qxc4 24.Qa3 Bd4 25.b3 Rxe1+ 26.Rxe1 Qc3 27.Bf5 g6 28.Rc1 Qa1+ 29.Kc2 Qc3+
30.Kb1  1/2-1/2

[Event "GRE-ch"]
[Site "Serres"]
[Date "1990.??.??"]
[Round "5"]
[White "Psaras, Stilianos"]
[Black "Skembris, Spyridon"]
[Result "0-1"]
[WhiteElo "2270"]
[BlackElo "2470"]

1.d4 d5 2.c4 c6 3.Nf3 Nf6 4.g3 dxc4 5.a4 c5 6.Bg2 Nc6 7.Na3 cxd4 8.Nxc4 g6
9.O-O Bg7 10.a5 O-O 11.a6 Nd5 12.Qb3 Rb8 13.Nfe5 Nxe5 14.Nxe5 Be6 15.Nd3 Ne3
16.Qa3 Nc2 17.Qa4 Nxa1 18.Qxa1 Bd5 19.f3 bxa6 20.Qxa6 Qb6 21.Qa3 e5 22.Bd2 Bc4
23.Bb4 Bxd3 24.Bxf8 Bxe2 25.Bc5 Qxb2 26.Ra1 Qxa3 27.Rxa3 a6 28.f4 exf4 29.gxf4 Bf8
30.Bxf8 Kxf8 31.Ra2 Bc4 32.Ra4 Rb1+ 33.Kf2 Rc1 34.Bb7 d3  0-1

[Event "Tatran Cup"]
[Site "Stary Smokovec"]
[Date "1990.??.??"]
[Round "8"]
[White "Tibensky, Robert"]
[Black "Knezevic, Milorad"]
[Result "1/2-1/2"]
[WhiteElo "2385"]
[BlackElo "2445"]

1.d4 Nf6 2.Nf3 d5 3.c4 c6 4.Qc2 dxc4 5.Qxc4 Bf5 6.Nc3 e6 7.e3 h6 8.Be2 Nbd7
9.O-O Be7 10.Re1 O-O 11.Bf1 Ne4 12.Nxe4  1/2-1/2

[Event "Trnava op"]
[Site "Trnava"]
[Date "1990.??.??"]
[Round "3"]
[White "Konopka, Michal"]
[Black "Drtina, Milan"]
[Result "1-0"]
[WhiteElo "2400"]
[BlackElo "2265"]

1.Nf3 d5 2.d4 c6 3.c4 dxc4 4.a4 Bf5 5.Na3 Qd5 6.e3 Bd3 7.Bxd3 cxd3 8.Qxd3 Nf6
9.O-O Nbd7 10.Nc4 e6 11.Bd2 Ne4 12.Rfc1 Be7 13.b4 O-O 14.Rab1 Rac8 15.Be1 Rfd8
16.Qe2 g5 17.h3 Nb6 18.Nb2 Kg7 19.a5 Nd7 20.Na4 Rh8 21.Nc5 Rb8 22.a6 b6 23.Nxd7 Qxd7
24.Ne5 Qe8 25.Nxc6 Ra8 26.b5 h5 27.f3 Nd6 28.e4 Qd7  1-0

[Event "Tuzla"]
[Site "Tuzla"]
[Date "1990.??.??"]
[Round "5"]
[White "Milovanovic, Rade"]
[Black "Blagojevic, Dragisa"]
[Result "0-1"]
[WhiteElo "2440"]
[BlackElo "2395"]

1.Nf3 d5 2.d4 c6 3.c4 Nf6 4.Qb3 e6 5.g3 Nbd7 6.Bg2 Bd6 7.O-O dxc4 8.Qxc4 e5
9.Nc3 O-O 10.Bg5 Nb6 11.Qd3 exd4 12.Bxf6 Qxf6 13.Ne4 Qe7 14.Nxd6 Qxd6 15.Qxd4 Rd8
16.Rfd1 Qxd4 17.Nxd4 Bg4 18.h3 Bh5 19.g4 Bg6 20.f4 f6 21.Ne6 Rxd1+ 22.Rxd1 Bf7
23.Nc5 Rb8 24.Kf2 Be8 25.e3 Kf7 26.Be4 h6 27.Bf5 Ke7 28.b3 Nd5 29.Bc2 Nc3
30.Rd4 b6 31.Rc4 Nd5 32.Nd3 c5 33.e4 Nc7 34.e5 Bc6 35.exf6+ gxf6 36.f5 Kd6
37.Nf4 Nb5 38.Be4 Na3 39.Bxc6 Nxc4 40.bxc4 Kxc6 41.Nd5 Rf8 42.a4 a6 43.Nc3 Kd6
44.Ke3 Ke5 45.Nd5 b5 46.axb5 axb5 47.Nb6 Rf7 48.cxb5 Rb7 49.Nc4+ Kd5 50.Na3 Ra7
51.Nb1 Re7+ 52.Kd3 c4+ 53.Kd2 h5 54.Nc3+ Ke5 55.b6 hxg4 56.hxg4 Rb7 57.Na4 Kd4
58.Kc2 Rg7 59.Kb2 Rxg4 60.Ka3 Rg3+  0-1

[Event "Augsburg"]
[Site "Augsburg"]
[Date "1991.??.??"]
[Round "4"]
[White "Dankert, Peter"]
[Black "Roeder, Frank"]
[Result "0-1"]
[WhiteElo "2230"]
[BlackElo "2290"]

1.Nf3 d5 2.d4 Nf6 3.c4 c6 4.Nbd2 Bf5 5.g3 e6 6.Bg2 h6 7.O-O Nbd7 8.b3 Bd6
9.Bb2 Qb8 10.Re1 b5 11.c5 Bc7 12.a4 b4 13.Nh4 Bh7 14.e3 g5 15.Nhf3 a5 16.e4 dxe4
17.Ne5 Nxe5 18.dxe5 Bxe5 19.Bxe5 Qxe5 20.Nc4 Qxc5 21.Nd6+ Ke7 22.Nb7 Qd5
23.Qc1 c5 24.Rd1 Qc6 25.Bf1 Nd5 26.Bb5 Qxb7 27.Qxc5+ Kf6 28.Bc6 Qa7 29.Rxd5 exd5
30.Qd6+ Kg7 31.Bxa8 Qd4 32.Rc1 Rxa8  0-1

[Event "Bad Lauterberg"]
[Site "Bad Lauterberg"]
[Date "1991.??.??"]
[Round "?"]
[White "Romanishin, Oleg M"]
[Black "Hertneck, Gerald"]
[Result "1-0"]
[WhiteElo "2600"]
[BlackElo "2555"]

1.d4 Nf6 2.Nf3 d5 3.c4 c6 4.Qb3 e6 5.g3 Nbd7 6.Bg2 Be7 7.O-O O-O 8.Bf4 Qb6
9.Qc2 c5 10.dxc5 Qxc5 11.Na3 b6 12.Be3 Qc7 13.Nb5 Qxc4 14.Qxc4 dxc4 15.Nfd4 Nd5
16.Bxd5 exd5 17.Nc7 Bb7 18.Nf5 Bb4 19.Nxa8 Rxa8 20.Bd4 f6 21.Rfd1 Bf8 22.Ne3 Kf7
23.b3 b5 24.a4 a6 25.axb5 axb5 26.Rxa8 Bxa8 27.Ra1 Bc6 28.Ra6 Nb8 29.Ra7+ Ke6
30.f4 cxb3 31.f5+ Kd6 32.Ra3 Bd7 33.Rxb3 Nc6 34.Rxb5 Nxd4 35.Rxd5+ Kc6 36.Rxd4 Bc5
37.Rd3 Bxf5 38.Rc3 Be4 39.Kf1 f5 40.Nc4 Bd5 41.Ne5+ Kd6 42.Nd3 Bd4 43.Ra3 Bb7
44.Ra5 g6 45.Ra4 Be3 46.Rh4 h5 47.Rb4 Bc6 48.Nf4 g5 49.Nxh5 Ke5 50.h4 f4
51.hxg5 fxg3 52.Nxg3 Bxg5 53.Rb6 Kd5 54.Kf2 Bh4 55.Rb4 Be7 56.Re4 Bd6 57.Rh4 Ke5
58.e3 Bf8 59.Rh8 Ba3 60.Rh5+ Ke6 61.Rh6+ Kd5 62.e4+ Kc5 63.Kf3 Bb2 64.Rh2 Be5
65.Rh5 Kd6 66.Nf5+ Ke6 67.Rh6+ Kd7 68.Ne3 Ba4 69.Nc4 Bd1+ 70.Ke3  1-0

[Event "Bad Lauterberg"]
[Site "Bad Lauterberg"]
[Date "1991.??.??"]
[Round "2"]
[White "Hertneck, Gerald"]
[Black "Gruenberg, Hans Ulrich"]
[Result "1/2-1/2"]
[WhiteElo "2555"]
[BlackElo "2530"]

1.d4 Nf6 2.Nf3 d5 3.c4 c6 4.Qc2 g6 5.Bf4 Bg7 6.e3 O-O 7.Nc3 Na6 8.Be2 Bg4
9.Qb3 Nh5 10.Bg3 Bxf3 11.Bxf3 Nxg3 12.hxg3 dxc4 13.Qxc4  1/2-1/2

[Event "Berliner Sommer"]
[Site "Berlin"]
[Date "1991.??.??"]
[Round "?"]
[White "Panchenko, Alexander N"]
[Black "Ruban, Vadim"]
[Result "0-1"]
[WhiteElo "2445"]
[BlackElo "2570"]

1.d4 d5 2.c4 c6 3.Nf3 dxc4 4.e3 b5 5.a4 e6 6.axb5 cxb5 7.b3 Bb4+ 8.Bd2 Bxd2+
9.Nbxd2 a5 10.bxc4 b4 11.Ne5 Nf6 12.Bd3 O-O 13.O-O Bb7 14.f4 Nc6 15.Ndf3 Ra7
16.Bc2 Nxe5 17.fxe5 Ne4 18.Nd2 Nc3 19.Qh5 g6 20.Qh6 f5 21.exf6 Rxf6 22.Rxf6 Qxf6
23.Rf1 Qg7 24.Qg5 Ra8 25.Qc5 Rf8 26.Nf3 e5 27.dxe5 Qh6 28.e4 b3 29.Bxb3 Bxe4
30.Bd1 Qc1 31.Qd4 Qb2 32.Qe3 Rd8 33.Ba4 Rd3 34.Qa7 Bxf3 35.Rxf3 Ne2+ 36.Kf1 Qc1+
37.Kf2 Rxf3+ 38.Kxf3 Qf1+ 39.Qf2 Nd4+ 40.Ke3 Nf5+ 41.Kf3 Nh4+ 42.Kg3 Nf5+
43.Kf3 Qd3+ 44.Kg4 Qxc4+ 45.Qf4 Qe2+ 46.Kg5 Kg7 47.Qf3 Qd2+ 48.Kg4 Qd4+ 49.Qf4 Qd3
50.Qf3 Qd4+ 51.Qf4 Ne3+ 52.Kf3 Qxf4+ 53.Kxf4 Nd5+ 54.Kf3 Nc3  0-1

[Event "Bern op"]
[Site "Bern"]
[Date "1991.??.??"]
[Round "9"]
[White "Epishin, Vladimir"]
[Black "Tukmakov, Vladimir B"]
[Result "1-0"]
[WhiteElo "2620"]
[BlackElo "2520"]

1.d4 d5 2.c4 c6 3.Nf3 Nf6 4.Qc2 g6 5.Bf4 Na6 6.e3 Bg7 7.Nc3 Qa5 8.Qd2 O-O
9.a3 Be6 10.cxd5 cxd5 11.h3 Rac8 12.Be2 Qb6 13.Ng5 Bd7 14.O-O Nc7 15.Rfc1 Nfe8
16.Nf3 f6 17.b4 Qe6 18.Qa2 Qf7 19.Bd1 e6 20.Bb3 Qe7 21.Rc2 Nd6 22.Rac1 Kh8
23.e4 dxe4 24.Bxd6 Qxd6 25.Nxe4 Qb6 26.Nc5 Rcd8 27.Re1 a5 28.bxa5 Qa7 29.Nxe6 Nxe6
30.Bxe6 Ba4 31.Bb3 Bc6 32.d5 Bd7 33.Rc7 Qxa5 34.Rxb7 Qc5 35.Qc2 Qxa3 36.Nd4 Rc8
37.Nc6 Bf5 38.Qc4 Qd6 39.Ree7 Rg8 40.g4 Bb1 41.Ba4 Qa3 42.Rb3 Qa1 43.Re1 Ra8
44.Rb4  1-0

[Event "Cansys IM-A"]
[Site "Budapest"]
[Date "1991.??.??"]
[Round "9"]
[White "Budnikov, Alexandar"]
[Black "Pieper Emden, Carsten"]
[Result "1/2-1/2"]
[WhiteElo "2440"]
[BlackElo "2405"]

1.d4 d5 2.c4 c6 3.Nf3 Nf6 4.Qc2 e6 5.g3 Be7 6.Bg2 O-O 7.O-O Nbd7 8.Rd1 Ne4
9.b3 f5 10.Bb2 Qe8 11.Ne1 Qh5 12.Nd3 g5 13.Nd2 Rf6 14.Nf1 Rh6 15.f3 Nef6
16.Re1 Nf8 17.e4 fxe4 18.fxe4 dxe4 19.Ne5 Ng6 20.Nxg6 Qxg6 21.Bxe4 Nxe4 22.Qxe4 Bd7
23.Qxg6+ Rxg6 24.Ne3 h5 25.a4 Bf6 26.Rad1 Be7 27.Rf1 Rf8 28.Rxf8+ Kxf8 29.Kf2 Rf6+
30.Ke2 Rf7 31.Bc3 g4 32.Ng2 Rf3 33.Rd3 Rxd3 34.Kxd3 Bd6 35.Ke3 Be8 36.Nf4 Ke7
37.b4 a6 38.a5 Bf7 39.Nd3 Bg6 40.Ne5 Bxe5 41.dxe5 Bc2 42.Kf4 Bd3 43.Kg5 Bxc4
44.Kxh5 Be2 45.Bd4 Kf7 46.Bc5 Bd1 47.Kg5 Be2 48.Kf4 Bd1 49.Be3 Kg6 50.Ke4 Bf3+
51.Kd4 c5+  1/2-1/2

[Event "Cansys IM-B"]
[Site "Budapest"]
[Date "1991.??.??"]
[Round "13"]
[White "Summermatter, Daniel"]
[Black "Milonjic, Mihajlo"]
[Result "1-0"]
[WhiteElo "2320"]
[BlackElo "2205"]

1.d4 d5 2.c4 c6 3.Nf3 Nf6 4.Qc2 e6 5.g3 Bd6 6.Bg2 O-O 7.O-O b5 8.cxb5 cxb5
9.Bf4 Bxf4 10.gxf4 Bb7 11.Nbd2 Qd6 12.e3 Rc8 13.Qb3 Qb6 14.Rfc1 Na6 15.Bf1 Bc6
16.Ne5 Be8 17.Qa3 h6 18.Bd3 Nd7 19.Nb3 Nf8 20.Kh1 f6 21.Nf3 Bh5 22.Nbd2 Rc7
23.Rxc7 Nxc7 24.Rc1 b4 25.Qb3 a5 26.Qc2 Ne8 27.Qc6 Qd8 28.f5 exf5 29.Bxf5 Bf7
30.Bh3 Ra7 31.Qc8 Qe7 32.Rc6 a4 33.Kg1 Nd6 34.Qb8 Ne4 35.Rc8 Nxd2 36.Nxd2 Ra6
37.Nf3 b3 38.a3 g5 39.Ne1 h5 40.Nd3 Be6 41.Bxe6+ Rxe6 42.Nc5 Rd6 43.Re8 Qf7
44.Qxd6 Qxe8 45.Qxf6 Qg6 46.Qxg6+ Nxg6 47.Nxa4 Nh4 48.Nc5 Nf3+ 49.Kh1 Nd2
50.a4 Nc4 51.Nxb3 Kf7 52.Nc5 Nxb2 53.a5 Nc4 54.a6 Nb6 55.Kg2 Ke7 56.h4 g4
57.Kg3 Kd6 58.Kf4 Kc7 59.Kg5 Kb8 60.Kxh5 g3 61.fxg3 Nc4 62.e4 dxe4 63.Nxe4 Ka7
64.Nc5 Nd6 65.Kg6 Nb5 66.h5 Nxd4 67.h6 Kb6 68.h7  1-0

[Event "Buenos Aires GP"]
[Site "Buenos Aires"]
[Date "1991.??.??"]
[Round "3"]
[White "Fraschini, Mariano"]
[Black "Cativelli, Gerardo"]
[Result "1-0"]
[WhiteElo "2350"]
[BlackElo "2220"]

1.d4 d5 2.c4 c6 3.Nf3 Nf6 4.Qc2 Bg4 5.Bf4 e6 6.e3 Be7 7.Nc3 Nbd7 8.cxd5 exd5
9.Bd3 Bh5 10.Ne5 Bg6 11.Nxg6 hxg6 12.h3 Nf8 13.O-O-O Ne6 14.Be5 Bb4 15.f4 Qe7
16.f5 gxf5 17.Bxf5 Nd7 18.Bh2 Nb6 19.e4 Bxc3 20.Qxc3 Qg5+ 21.Qd2 Qxd2+ 22.Rxd2 Nc4
23.Rf2 Nxd4 24.exd5 O-O 25.dxc6 bxc6 26.Bd3 Ne3 27.Rd2 c5 28.Kb1 Rac8 29.Rc1 Rc6
30.Be5 Rd8 31.Bxd4 Rxd4 32.Bh7+  1-0

[Event "Buenos Aires Najdorf"]
[Site "Buenos Aires"]
[Date "1991.??.??"]
[Round "10"]
[White "Barbero, Gerardo F"]
[Black "Milos, Gilberto"]
[Result "1/2-1/2"]
[WhiteElo "2495"]
[BlackElo "2530"]

1.d4 Nf6 2.Nf3 d5 3.c4 c6 4.Qc2 g6 5.Bf4 Bg7 6.e3 O-O 7.Nc3 Qa5 8.a3 Na6
9.Be5 Be6 10.Nd2 Nb8 11.Nb3 Qd8 12.cxd5 cxd5 13.Be2 Nc6 14.Bg3 Bf5 15.Qd2 Na5
16.Nxa5 Qxa5 17.Be5 Rfc8  1/2-1/2

[Event "Cappelle op"]
[Site "Cappelle la Grande"]
[Date "1991.??.??"]
[Round "7"]
[White "Crouch, Colin S"]
[Black "Boudre, Jean Pierre"]
[Result "1-0"]
[WhiteElo "2315"]
[BlackElo "2365"]

1.d4 d5 2.Nf3 c6 3.c4 Nf6 4.Qc2 dxc4 5.Qxc4 Bf5 6.Nc3 Nbd7 7.g3 e6 8.Bg2 Be7
9.O-O O-O 10.e3 Ne4 11.Nd2 Nd6 12.Qe2 c5 13.d5 exd5 14.Nxd5 Nf6 15.e4 Nxd5
16.exf5 Nb4 17.Nc4 Nxf5 18.Bxb7 Nd4 19.Qd1 Rb8 20.Bg2 Qd7 21.b3 Bf6 22.Bb2 Rfe8
23.Kh1 Rbd8 24.Ne3 Qb5 25.Qh5 g6 26.Qh3 Bg7 27.Qh4 Qa6 28.Ng4 h5 29.Ne3 Nd3
30.Bc3 Nf5 31.Nxf5 Bxc3 32.Ne7+ Kf8 33.Nd5 Bxa1 34.Rxa1 Nxf2+ 35.Kg1 Ng4
36.h3 Qd3 37.hxg4 Qd4+ 38.Kh2 Qxa1 39.Nf6 Qd4  1-0

[Event "POL-ch"]
[Site "Cetniewo"]
[Date "1991.??.??"]
[Round "4"]
[White "Urban, Klaudiusz"]
[Black "Kuczynski, Robert"]
[Result "1/2-1/2"]
[WhiteElo "2395"]
[BlackElo "2465"]

1.d4 d5 2.Nf3 Nf6 3.c4 c6 4.Qb3 dxc4 5.Qxc4 Bf5 6.g3 e6 7.Bg2 Be7 8.O-O O-O
9.Nc3 Nbd7 10.Re1 Ne4 11.Qb3 Qb6 12.Nh4 Qxb3 13.axb3 Bb4 14.Nxf5 exf5 15.Bxe4 fxe4
16.Bd2 Rfe8 17.Nxe4 Rxe4 18.Bxb4 Rxd4 19.Bc3 Re4 20.Red1 Nf6 21.Bxf6 gxf6
22.e3 Rb4 23.Rd3 a6 24.Kf1 Re8 25.Ke2 Re5 26.Kd2 Kg7 27.Ra4 Ree4 28.Ra5 Re5
29.Ra4 Ree4 30.Ra5 Re5  1/2-1/2

[Event "Chiasso op"]
[Site "Chiasso"]
[Date "1991.??.??"]
[Round "1"]
[White "Costa, Jean Luc"]
[Black "Domont, Alexandre"]
[Result "1/2-1/2"]
[WhiteElo "2405"]
[BlackElo "2355"]

1.d4 d5 2.c4 c6 3.Nf3 Nf6 4.Qc2 e6 5.Bg5 h6 6.Bxf6 Qxf6 7.e3 Nd7 8.Nc3 Bd6
9.O-O-O O-O 10.Kb1 Qe7 11.e4 dxe4 12.Nxe4 c5 13.Nxd6 Qxd6 14.dxc5 Qxc5 15.Bd3 a5
16.Rhe1 Ra6 17.Qe2 Rd6 18.Bc2 b6 19.Rxd6 Qxd6 20.Rd1 Qc7 21.Qe4 Nf6 22.Qd4 Bb7
23.Ne5 Rc8 24.g3 b5 25.Qd6 Qxd6 26.Rxd6 bxc4 27.Nxc4 Be4 28.b3  1/2-1/2